[Event "10th Norway Chess 2022"]
[Site "Stavanger NOR"]
[Date "2022.05.31"]
[Round "1.1"]
[White "Carlsen,M"]
[Black "Wang Hao"]
[Result "1/2-1/2"]
[WhiteElo "2864"]
[BlackElo "2744"]

1.Nf3 d5 2.g3 Nd7 3.d4 Nb6 4.b3 Bf5 5.Nh4 e6 6.Nxf5 exf5 7.Qd3 g6 8.Bg2 Nf6
9.O-O Be7 10.c4 c6 11.Bh6 Bf8 12.Bg5 Be7 13.a4 a5 14.Nc3 O-O 15.Bxf6 Bxf6
16.cxd5 Nxd5 17.Nxd5 cxd5 18.e3 Qd7 19.Qb5 Rfd8 20.Rfc1 Be7 21.Rc2 Kg7 22.Qb6 Qe6
23.Qb5 Qd7 24.Qf1 Ra6 25.Bf3 Rb6 26.Qd3 Qe6 27.Kg2 h5 28.h4 Bb4 29.Kg1 Be7
30.Rb1 Bb4 31.Qf1 Rc6 32.Rxc6 bxc6 33.Rc1 Rd6 34.Kg2 Qe7 35.Qa6 c5 36.Qd3 cxd4
37.Qxd4+ Qf6 38.Rc7 Qxd4 39.exd4 Kf6 40.Rb7 Ke6 41.Rb5 Rd8 42.Kf1 Rd6 43.Ke2 Rd8
44.Rb7 Bc3 45.Kd3 Be1 46.Ke3 Bb4 47.Rb5  1/2-1/2

[Event "10th Norway Chess 2022"]
[Site "Stavanger NOR"]
[Date "2022.05.31"]
[Round "1.2"]
[White "So,W"]
[Black "Radjabov,T"]
[Result "1-0"]
[WhiteElo "2776"]
[BlackElo "2753"]

1.e4 e5 2.Nf3 Nc6 3.Bc4 Bc5 4.O-O Nf6 5.d3 d6 6.c3 a5 7.Re1 O-O 8.h3 h6 9.Nbd2 Be6
10.Bb5 Nd7 11.Nf1 d5 12.Be3 dxe4 13.dxe4 Qe7 14.Qe2 Rfd8 15.Red1 a4 16.Qc2 a3
17.b4 Bd6 18.N1d2 Nb6 19.Bxb6 cxb6 20.Bc4 Rdc8 21.Qd3 Nd8 22.Bxe6 Qxe6 23.Nf1 Bf8
24.Ne3 f6 25.Nd5 Nf7 26.Nd2 Ra6 27.Rab1 b5 28.Qxb5 Nd6 29.Qd3 b5 30.Rbc1 Rac6
31.Rc2 f5 32.exf5 Nxf5 33.Nb3 Rc4 34.Na5 e4 35.Re2 Re8 36.Nxc4 exd3 37.Rxe6 Rxe6
38.Nxa3  1-0

[Event "10th Norway Chess 2022"]
[Site "Stavanger NOR"]
[Date "2022.05.31"]
[Round "1.5"]
[White "Mamedyarov,S"]
[Black "Tari,A"]
[Result "1/2-1/2"]
[WhiteElo "2759"]
[BlackElo "2654"]

1.d4 Nf6 2.c4 e6 3.Nc3 Bb4 4.Nf3 O-O 5.Qc2 c5 6.dxc5 Na6 7.g3 Nxc5 8.Bg2 Nce4
9.O-O Bxc3 10.bxc3 Qc7 11.Nd4 d5 12.cxd5 exd5 13.Bf4 Qc5 14.Rfb1 b6 15.Rb5 Qxc3
16.Qxc3 Nxc3 17.Rb3 Nce4 18.a4 Bd7 19.a5 Rfc8 20.axb6 axb6 21.Rxa8 Rxa8 22.Rxb6 Ra1+
23.Bf1 h6 24.Nc2 Ra2 25.Nb4 Ra1 26.Nc2 Ra2 27.Nb4 Ra1 28.Nc2  1/2-1/2

[Event "10th Norway Chess 2022"]
[Site "Stavanger NOR"]
[Date "2022.05.31"]
[Round "1.3"]
[White "Giri,A"]
[Black "Topalov,V"]
[Result "1/2-1/2"]
[WhiteElo "2761"]
[BlackElo "2730"]

1.d4 Nf6 2.c4 e6 3.Nf3 d5 4.g3 Bb4+ 5.Bd2 Be7 6.Bg2 O-O 7.O-O Nbd7 8.Qc2 c6
9.Bf4 b6 10.Nbd2 Nh5 11.e3 Nxf4 12.exf4 Bb7 13.cxd5 cxd5 14.Rfc1 Rc8 15.Qa4 a6
16.Qb3 b5 17.Rxc8 Qxc8 18.a4 bxa4 19.Qxa4 Nb6 20.Qd1 Nc4 21.Rc1 Qb8 22.Nxc4 dxc4
23.Qe2 Bf6 24.Rxc4 Bd5 25.Rc1 Bxf3 26.Bxf3 Bxd4 27.Ra1 Qxb2 28.Qxb2 Bxb2
29.Rxa6 g6 30.Kg2 Kg7 31.Ra8 Rxa8 32.Bxa8  1/2-1/2

[Event "10th Norway Chess 2022"]
[Site "Stavanger NOR"]
[Date "2022.06.01"]
[Round "2.5"]
[White "Radjabov,T"]
[Black "Tari,A"]
[Result "1/2-1/2"]
[WhiteElo "2753"]
[BlackElo "2654"]

1.d4 Nf6 2.c4 e6 3.Nf3 d5 4.Nc3 c5 5.cxd5 cxd4 6.Qxd4 exd5 7.e4 dxe4 8.Qxd8+ Kxd8
9.Ng5 Be6 10.Nxe6+ fxe6 11.Bc4 Ke7 12.O-O Kf7 13.Nb5 Na6 14.a3 Be7 15.Be3 Rhc8
16.Rac1 Nc5 17.Rc2 a5 18.Rfc1 a4 19.Bxc5 Rxc5 20.Bxe6+ Kxe6 21.Rxc5 Bxc5
22.Rxc5 Rd8 23.Nc3 Rd2 24.Rb5 Nd5 25.h4 Nxc3 26.bxc3 Ra2 27.Rxb7 Kf6 28.Rb4 Rxa3
29.Rxe4 Rxc3 30.Rxa4 h5 31.Rf4+ Kg6 32.Kh2 Ra3 33.Rb4  1/2-1/2

[Event "10th Norway Chess 2022"]
[Site "Stavanger NOR"]
[Date "2022.06.01"]
[Round "2.1"]
[White "So,W"]
[Black "Carlsen,M"]
[Result "1/2-1/2"]
[WhiteElo "2776"]
[BlackElo "2864"]

1.d4 d5 2.c4 c6 3.Nf3 Nf6 4.Nc3 e6 5.e3 Nbd7 6.Qc2 Bd6 7.Bd3 O-O 8.O-O h6
9.b3 e5 10.cxd5 Nxd5 11.Nxd5 cxd5 12.dxe5 Nxe5 13.Nxe5 Bxe5 14.Bb2 Qf6 15.Bxe5 Qxe5
16.Rac1 Bd7 17.Qc7 Qxc7 18.Rxc7 Bc6 19.Rc1 Rfc8 20.Rxc8+ Rxc8 21.Kf1 Kf8
22.Ke2 Bd7 23.Rxc8+ Bxc8 24.Kd2 Ke7 25.Kc3 Kd6 26.b4 b6 27.Kd4 a5 28.b5 Bd7
29.a4 Bc8 30.f4 f6 31.f5 Bb7 32.g3 Bc8 33.Bc2 Bd7 34.g4 Bc8 35.Bb3 Bb7 36.Ba2 Ba8
37.Bb3 Bb7 38.Ba2  1/2-1/2

[Event "10th Norway Chess 2022"]
[Site "Stavanger NOR"]
[Date "2022.06.01"]
[Round "2.3"]
[White "Wang Hao"]
[Black "Giri,A"]
[Result "1/2-1/2"]
[WhiteElo "2744"]
[BlackElo "2761"]

1.e4 c5 2.Nf3 d6 3.d4 cxd4 4.Nxd4 Nf6 5.Nc3 a6 6.h3 e5 7.Nb3 Be7 8.Be3 Be6
9.f4 exf4 10.Bxf4 Nc6 11.Qe2 Ne5 12.O-O-O Nfd7 13.Kb1 Rc8 14.Qe3 O-O 15.g4 Re8
16.Nd4 Qa5 17.a3 b5 18.Nf5 b4 19.axb4 Qxb4 20.Qd4 Qa5 21.Nxe7+ Rxe7 22.Qxd6 Rxc3
23.Bxe5 Ba2+ 24.Kc1 Rxc2+ 25.Kxc2 Rxe5 26.Bc4 Rc5 27.Qxd7 Rxc4+ 28.Kd3 h6
29.Rc1 Qb4 30.Rxc4 Bxc4+ 31.Kc2 Bb3+ 32.Kd3 Bc4+  1/2-1/2

[Event "10th Norway Chess 2022"]
[Site "Stavanger NOR"]
[Date "2022.06.01"]
[Round "2.2"]
[White "Vachier Lagrave,M"]
[Black "Mamedyarov,S"]
[Result "1/2-1/2"]
[WhiteElo "2750"]
[BlackElo "2759"]

1.d4 Nf6 2.c4 e6 3.Nf3 d5 4.Nc3 c5 5.cxd5 cxd4 6.Qxd4 exd5 7.Bg5 Be7 8.e3 O-O
9.Qa4 h6 10.Bh4 Nc6 11.Bb5 Ne4 12.Bxe7 Nxe7 13.Rc1 Qb6 14.O-O a6 15.Nxe4 dxe4
16.Qxe4 Qxb5 17.Qxe7 Qxb2 18.a3 Bf5 19.Rc7 b5 20.Qb4 Qxb4 21.axb4 Rfc8 22.Rfc1 Rxc7
23.Rxc7 a5 24.bxa5 Rxa5 25.h3 b4 26.Nd4 Be4 27.f3 Bd5 28.e4 Ra1+ 29.Kh2 Rd1
30.exd5 Rxd4 31.Rb7 Rxd5 32.Rxb4  1/2-1/2

[Event "10th Norway Chess 2022"]
[Site "Stavanger NOR"]
[Date "2022.06.02"]
[Round "3.2"]
[White "Giri,A"]
[Black "So,W"]
[Result "1/2-1/2"]
[WhiteElo "2761"]
[BlackElo "2776"]

1.d4 Nf6 2.c4 e6 3.Nc3 Bb4 4.Qc2 O-O 5.a3 Bxc3+ 6.Qxc3 d5 7.Nf3 b6 8.Bg5 dxc4
9.Qxc4 Ba6 10.Qa4 h6 11.Bh4 c5 12.dxc5 bxc5 13.Rd1 Qb6 14.Bxf6 gxf6 15.e3 Bxf1
16.Kxf1 Nc6 17.Rb1 Rad8 18.Ke2 Rd5 19.Rhc1 Rb8 20.b4 Ne5 21.Nxe5 Rxe5 22.Kf1 Qb5+
23.Qxb5 Rxb5 24.Ke2 cxb4 25.Rxb4 Rxb4 26.axb4 Rb5 27.Rc4 a5 28.bxa5 Rxa5
29.g3 Kg7 30.Rg4+ Kf8 31.Rc4  1/2-1/2

[Event "10th Norway Chess 2022"]
[Site "Stavanger NOR"]
[Date "2022.06.02"]
[Round "3.3"]
[White "Anand,V"]
[Black "Wang Hao"]
[Result "1/2-1/2"]
[WhiteElo "2751"]
[BlackElo "2744"]

1.e4 c5 2.Nf3 Nc6 3.d4 cxd4 4.Nxd4 Nf6 5.Nc3 e5 6.Ndb5 d6 7.Bg5 a6 8.Na3 b5
9.Nd5 Be7 10.Bxf6 Bxf6 11.c3 Rb8 12.Nc2 Bg5 13.a3 a5 14.Bd3 Ne7 15.Nce3 Bxe3
16.Nxe3 O-O 17.O-O Be6 18.Qe2 Qb6 19.Rfd1 Rfd8 20.Rd2 g6 21.a4 b4 22.Bb5 bxc3
23.bxc3 Rbc8 24.Rd3 d5 25.Nxd5 Nxd5 26.exd5 Rxd5 27.Rxd5 Bxd5 28.Qxe5 Bc4
29.Rb1 Qc5 30.Qe1 Bxb5 31.Rxb5 Qxc3 32.Qxc3 Rxc3 33.g3 Ra3 34.Rxa5 h5 35.h4 Kg7
36.Ra6 Kf8 37.Kg2 Kg8 38.a5 Kg7 39.Ra7  1/2-1/2

[Event "10th Norway Chess 2022"]
[Site "Stavanger NOR"]
[Date "2022.06.02"]
[Round "3.4"]
[White "Mamedyarov,S"]
[Black "Topalov,V"]
[Result "1/2-1/2"]
[WhiteElo "2759"]
[BlackElo "2730"]

1.d4 d5 2.c4 c6 3.Nf3 Nf6 4.g3 Bf5 5.Nc3 e6 6.Nh4 dxc4 7.Nxf5 exf5 8.e3 Nbd7
9.Bxc4 Nb6 10.Bf1 Bd6 11.Bg2 O-O 12.Qd3 g6 13.Bd2 Re8 14.O-O-O Qe7 15.f3 c5
16.Kb1 cxd4 17.exd4 Qd7 18.Rhe1 Rxe1 19.Rxe1 Bc5 20.f4 Bf8 21.Qb5 Qxd4 22.Be3 Qd6
23.Rd1 Qe6 24.Bxb6 axb6 25.Bxb7 Ra5 26.Qc6 Rc5 27.Qxe6 fxe6 28.Bf3 Rc7 29.a3 Kf7
30.Na4 Nd7 31.Be2 Rb7 32.b4 e5 33.Bb5 Ke6 34.Kc2 exf4 35.gxf4 Bh6 36.Rd4 Nf6
37.Kb3 Nh5 38.Rc4 Bxf4 39.Rc6+ Ke5 40.Nxb6 Bxh2 41.a4 Bg1 42.Nc4+ Kf4 43.Nd6 Re7
44.a5 Nf6 45.Rc1 Bf2 46.Rc2 Kg3 47.Bc6 Re6 48.Rd2 f4 49.b5 Bc5 50.Rd3+ Re3
51.Ne4+ Nxe4 52.Bxe4 f3 53.Kc4 Rxd3 54.Bxd3 Be3 55.b6 h5 56.Kb5 h4 57.a6 Bxb6  1/2-1/2

[Event "10th Norway Chess 2022"]
[Site "Stavanger NOR"]
[Date "2022.06.02"]
[Round "3.5"]
[White "Tari,A"]
[Black "Vachier Lagrave,M"]
[Result "0-1"]
[WhiteElo "2654"]
[BlackElo "2750"]

1.e4 c5 2.Nf3 d6 3.Bb5+ Bd7 4.c4 Nf6 5.Nc3 Nc6 6.O-O e5 7.d3 Be7 8.Nh4 O-O
9.Bxc6 bxc6 10.Nf5 Ne8 11.f4 Bf6 12.Qf3 Rb8 13.Rb1 Nc7 14.g4 Ne6 15.g5 Be7
16.fxe5 dxe5 17.Nxe7+ Qxe7 18.Qg3 f6 19.gxf6 Rxf6 20.Rxf6 Qxf6 21.Ne2 Rf8
22.Bd2 Nf4 23.Nxf4 exf4 24.Qf3 Qg5+ 25.Qg2 Qh5 26.Bc3 g6 27.Qf2 Bh3 28.Kh1 f3
29.Be1 Qg4  0-1

[Event "10th Norway Chess 2022"]
[Site "Stavanger NOR"]
[Date "2022.06.03"]
[Round "4.5"]
[White "Wang Hao"]
[Black "Mamedyarov,S"]
[Result "0-1"]
[WhiteElo "2744"]
[BlackElo "2759"]

1.e4 e5 2.Nf3 Nc6 3.Bb5 a6 4.Ba4 Nf6 5.O-O Nxe4 6.d4 b5 7.Bb3 d5 8.dxe5 Be6
9.c3 Be7 10.Bc2 Bg4 11.Bb3 Nc5 12.Bxd5 Nxe5 13.Bf4 c6 14.Bxe5 Qxd5 15.Qxd5 cxd5
16.Nbd2 f6 17.Bd4 Nd3 18.b4 Nb2 19.h3 Bd7 20.Nb3 Na4 21.Ne1 Bf5 22.g4 Bg6
23.Ng2 Kf7 24.Rfe1 Rac8 25.Nf4 Be4 26.Nd2 Bd6 27.Nxe4 Bxf4 28.Nc5 Bd2 29.Nxa4 Bxe1
30.Nc5 Bd2 31.a4 Ra8 32.Nd7 Rhd8 33.Nb6 Rab8 34.axb5 Bxc3 35.Bxc3 Rxb6 36.bxa6 Ra8
37.Ra5 Rbxa6 38.Rxd5 Ra3 39.Rc5 Rd8 40.Kg2 Rd3 41.Bb2 Rab3 42.Bc1 Rxh3 43.Be3 Rh4
44.Kg3 Rh1 45.Kg2 Re1 46.b5 Kg6 47.Rd5 Rb4 48.g5 f5 49.b6 Reb1 50.Rd7 f4
51.Bd4 Kf5 52.Bxg7 Rxb6 53.Bh6 Kg4 54.Rf7 R1b3  0-1

[Event "10th Norway Chess 2022"]
[Site "Stavanger NOR"]
[Date "2022.06.03"]
[Round "4.3"]
[White "Radjabov,T"]
[Black "Vachier Lagrave,M"]
[Result "1/2-1/2"]
[WhiteElo "2753"]
[BlackElo "2750"]

1.d4 Nf6 2.c4 g6 3.Nc3 d5 4.cxd5 Nxd5 5.e4 Nxc3 6.bxc3 Bg7 7.Nf3 c5 8.Bb5+ Nc6
9.O-O O-O 10.Bxc6 bxc6 11.Qc2 cxd4 12.cxd4 Bg4 13.Ne5 Qxd4 14.Bb2 Qb6 15.Rab1 Bxe5
16.Bxe5 Qa5 17.Bc3 Qc5 18.Qb2 a5 19.Bd4 Qd6 20.Qc3 Rfd8 21.Bb6 Qd3 22.Qe5 Re8
23.f3 f6 24.Qc5 Be6 25.a3 a4 26.Rfd1 Qe2 27.Qxc6 Kf7 28.Re1 Qc4 29.Qxc4 Bxc4
30.Rbc1 Rec8  1/2-1/2

[Event "10th Norway Chess 2022"]
[Site "Stavanger NOR"]
[Date "2022.06.03"]
[Round "4.2"]
[White "So,W"]
[Black "Anand,V"]
[Result "1/2-1/2"]
[WhiteElo "2776"]
[BlackElo "2751"]

1.c4 c5 2.Nc3 g6 3.g3 Bg7 4.Bg2 Nc6 5.Nf3 e6 6.d4 Nxd4 7.Nxd4 cxd4 8.Ne4 d5
9.Qa4+ Kf8 10.Qa3+ Qe7 11.Nd6 Be5 12.c5 Kg7 13.O-O Nh6 14.e4 dxe4 15.Nxe4 f6
16.f4 Bc7 17.Nd6 Rd8 18.Nb5 Qd7 19.Nxc7 Qxc7 20.Bd2 a5 21.c6 bxc6 22.Rac1 Ra6
23.Rc5 a4 24.Rfc1 Bb7 25.Bf1 Raa8 26.Bg2 Ra6 27.Bf1 Raa8 28.Bg2 Ra6  1/2-1/2

[Event "10th Norway Chess 2022"]
[Site "Stavanger NOR"]
[Date "2022.06.03"]
[Round "4.4"]
[White "Topalov,V"]
[Black "Tari,A"]
[Result "1/2-1/2"]
[WhiteElo "2730"]
[BlackElo "2654"]

1.e4 e5 2.Nf3 Nc6 3.Bc4 Nf6 4.d3 Bc5 5.Nc3 h6 6.h3 a6 7.a4 d6 8.Be3 Bb4 9.O-O Bxc3
10.bxc3 O-O 11.a5 d5 12.exd5 Nxd5 13.Bd2 Bf5 14.Re1 Re8 15.Qb1 Qd6 16.Qb3 Rad8
17.d4 Bc8 18.Re4 Kh8 19.dxe5 Nxe5 20.Nxe5 Rxe5 21.Rxe5 Qxe5 22.Re1 Qd6 23.Bd3 c6
24.c4 Nf4 25.Bxf4 Qxf4 26.Qb6 Qd6 27.Re3 Qd7 28.Qc5 Re8 29.f4 Qd8 30.Kf2 Kg8
31.Rxe8+ Qxe8 32.Qd6 g6 33.Qf6 Qf8 34.Qe5 Qd8 35.Ke3 f6 36.Qd4 Qe7+ 37.Qe4 Qc5+
38.Kf3 Bf5 39.Qe8+ Kg7 40.g4 Bxd3 41.Qd7+ Kf8 42.Qc8+ Ke7 43.Qxb7+ Kd6 44.Qb8+ Kd7
45.cxd3 Qg1 46.Qb2 Qf1+ 47.Ke4 Qe1+ 48.Kd4 Qxa5 49.Qb7+ Kd6 50.Qb8+ Kd7 51.Qb7+  1/2-1/2

[Event "10th Norway Chess 2022"]
[Site "Stavanger NOR"]
[Date "2022.06.05"]
[Round "5.4"]
[White "Tari,A"]
[Black "Wang Hao"]
[Result "1-0"]
[WhiteElo "2654"]
[BlackElo "2744"]

1.e4 e5 2.Nf3 Nc6 3.Bc4 Nf6 4.d3 h6 5.c3 d6 6.a4 g5 7.Qb3 Qe7 8.a5 Bg7 9.Nbd2 Nd8
10.Nf1 c6 11.Ne3 Ng4 12.Nf1 f5 13.h4 f4 14.Qd1 Be6 15.hxg5 hxg5 16.Rxh8+ Bxh8
17.Bxe6 Nxe6 18.Nh4 gxh4 19.Qxg4 O-O-O 20.Bd2 Kb8 21.b4 d5 22.Nh2 dxe4 23.dxe4 Qh7
24.O-O-O Re8 25.Re1 c5 26.Nf3 Qd7 27.Kb2 a6 28.Rc1 Rd8 29.Be1 Qd6 30.Nxh4 cxb4
31.cxb4 Nd4 32.Nf5 Qe6 33.Qd1 Qg8 34.Nxd4 exd4 35.Qd3 Qxg2 36.Rc2 f3 37.Bd2 Be5
38.b5 axb5 39.Qxb5 Qg7 40.Rc5 d3+ 41.Rxe5 Rc8 42.Kb3 Qc7 43.a6 Qc2+ 44.Ka3 Rc7  1-0

[Event "10th Norway Chess 2022"]
[Site "Stavanger NOR"]
[Date "2022.06.05"]
[Round "5.3"]
[White "Vachier Lagrave,M"]
[Black "Topalov,V"]
[Result "1/2-1/2"]
[WhiteElo "2750"]
[BlackElo "2730"]

1.e4 e5 2.Nf3 Nc6 3.Bc4 Bc5 4.O-O Nf6 5.d3 d6 6.c3 h6 7.Re1 O-O 8.Nbd2 a6
9.a4 Ne7 10.d4 exd4 11.Nb3 Ba7 12.Nbxd4 Ng6 13.Qc2 Re8 14.h3 c5 15.Nf5 Bxf5
16.exf5 Rxe1+ 17.Nxe1 Ne5 18.Be2 Qe7 19.Bf4 Re8 20.Nf3 c4 21.Kf1 b5 22.axb5 axb5
23.b3 Nxf3 24.Bxf3 d5 25.bxc4 bxc4 26.g4 Bb8 27.Qc1 Qb7 28.Kg2 Bxf4 29.Qxf4 Qb2
30.Qc1 Rb8 31.Qxb2 Rxb2 32.Ra8+ Kh7 33.Rf8 Rb7 34.h4 g5 35.fxg6+  1/2-1/2

[Event "10th Norway Chess 2022"]
[Site "Stavanger NOR"]
[Date "2022.06.05"]
[Round "5.2"]
[White "Mamedyarov,S"]
[Black "So,W"]
[Result "1/2-1/2"]
[WhiteElo "2759"]
[BlackElo "2776"]

1.d4 Nf6 2.c4 e6 3.Nf3 d5 4.Nc3 c5 5.cxd5 cxd4 6.Qxd4 exd5 7.Bg5 Be7 8.e3 O-O
9.Be2 Nc6 10.Qd3 h6 11.Bh4 Qb6 12.O-O Rd8 13.Rfd1 Qxb2 14.Rab1 Qa3 15.Bxf6 Bxf6
16.Nxd5 Qxd3 17.Nxf6+ gxf6 18.Rxd3 Bf5 19.Rxd8+ Nxd8 20.Rb2 Rc8 21.h4 Rc1+
22.Kh2 Rb1 23.Rxb1 Bxb1 24.a3 Kf8 25.g4 Ne6 26.Kg3 Ke7 27.Nd2 Bc2 28.f4 Nc5
29.Kf3 Nb3 30.Nxb3 Bxb3 31.Ke4 Be6 32.Kd4 b6 33.e4 a5 34.e5 fxe5+ 35.Kxe5 f6+
36.Kd4 Bd7 37.g5 fxg5 38.hxg5 hxg5 39.fxg5 b5 40.Kc5 b4 41.axb4 axb4 42.Bc4 Be6
43.Kxb4 Bxc4 44.Kxc4 Ke6 45.g6 Kf6 46.Kd4 Kxg6 47.Ke4  1/2-1/2

[Event "10th Norway Chess 2022"]
[Site "Stavanger NOR"]
[Date "2022.06.05"]
[Round "5.5"]
[White "Giri,A"]
[Black "Radjabov,T"]
[Result "1-0"]
[WhiteElo "2761"]
[BlackElo "2753"]

1.e4 e5 2.Nf3 Nc6 3.Bb5 Nf6 4.d3 Bc5 5.c3 d6 6.d4 exd4 7.cxd4 Bb4+ 8.Bd2 Bxd2+
9.Nbxd2 Bd7 10.O-O O-O 11.Re1 Re8 12.h3 Ne7 13.Bf1 c6 14.Qb3 Qb6 15.Qa3 Qc7
16.Nc4 Nc8 17.e5 dxe5 18.dxe5 Nd5 19.Rac1 h6 20.b4 Qd8 21.Qb2 Rb8 22.a3 a6
23.Rcd1 Qc7 24.Qd4 Bf5 25.Nh4 Bh7 26.Bd3 b5 27.Bxh7+ Kxh7 28.Na5 Nce7 29.Rc1 Rbd8
30.Qe4+ Kh8 31.Nf3 Qd7 32.Rc2 Ng6 33.Nxc6 Rc8 34.Rec1 Ngf4 35.Ncd4 Rxc2 36.Rxc2 f6
37.Rc5 fxe5 38.Nxe5 Nc3 39.Rxc3 Qxd4 40.Nf7+  1-0

[Event "10th Norway Chess 2022"]
[Site "Stavanger NOR"]
[Date "2022.06.06"]
[Round "6.1"]
[White "Carlsen,M"]
[Black "Mamedyarov,S"]
[Result "1-0"]
[WhiteElo "2864"]
[BlackElo "2759"]

1.Nf3 d5 2.g3 g6 3.Bg2 Bg7 4.d4 Nf6 5.O-O O-O 6.c4 c6 7.Nc3 dxc4 8.e4 Bg4
9.h3 Bxf3 10.Bxf3 e5 11.dxe5 Nfd7 12.e6 fxe6 13.Be3 Qe7 14.Bg2 Na6 15.Qe2 Nb4
16.Qxc4 Nc2 17.Nd5 cxd5 18.Qxc2 d4 19.Bd2 Rac8 20.Qb3 Nc5 21.Qa3 Qd7 22.Rac1 b6
23.e5 Bxe5 24.Rfe1 Bg7 25.b4 Na4 26.Rxc8 Rxc8 27.Qb3 Nc3 28.Rxe6 Kh8 29.Kh2 Re8
30.Rxe8+ Qxe8 31.Qc4 h6 32.a3 a5 33.bxa5 bxa5 34.Bf1 Qf8 35.Kg2 Ne4 36.Be1 Qxa3
37.Bd3 Nd6 38.Qa6 Nf5 39.h4 h5 40.Bxa5 Kh7 41.Qb5 Qf8 42.Qd5 Qd6 43.Qf3 Qe5
44.Bd8 Qe6 45.Qb7 Nd6 46.Qc6 Qb3 47.Bxg6+ Kxg6 48.Qxd6+ Kh7 49.Qd7 Kg6 50.Qc6+ Kf7
51.Qc5 Qb7+ 52.f3 Ke8 53.Bc7 Qb2+ 54.Kh3 d3 55.Qxh5+ Kd7 56.Qf7+ Kc6  1-0

[Event "10th Norway Chess 2022"]
[Site "Stavanger NOR"]
[Date "2022.06.06"]
[Round "6.2"]
[White "So,W"]
[Black "Tari,A"]
[Result "1/2-1/2"]
[WhiteElo "2776"]
[BlackElo "2654"]

1.e4 e5 2.Nf3 Nc6 3.Bc4 Nf6 4.d3 Bc5 5.O-O d6 6.c3 a5 7.Re1 O-O 8.h3 h6 9.Nbd2 Be6
10.Bb5 Bb6 11.Nc4 Bc5 12.Ncd2 Bb6 13.a4 Na7 14.Bc4 Nc6 15.Bb5 Na7 16.Bc4 Nc6
17.Bxe6 fxe6 18.Nc4 Ba7 19.Be3 Bxe3 20.Rxe3 Qd7 21.Qb3 b6 22.Rae1 Rf7 23.g3 Raf8
24.Kg2 Qd8 25.Ncd2 Qd7 26.R1e2 Nh7 27.Qb5 Na7 28.Qb3 Nc6 29.Qb5 Na7 30.Qxd7 Rxd7
31.Nc4 Nf6 32.Na3 Rdf7 33.Nb5 Nxb5 34.axb5 g5 35.Rc2 Kg7 36.b4 axb4 37.cxb4 g4
38.Nh2 h5 39.hxg4 hxg4 40.Ra2 Kg6 41.Re1 Rh7 42.Ra7 Rfh8 43.Nf1 Rf8 44.Rc1 d5
45.Ne3 dxe4 46.dxe4 Nxe4 47.Nxg4 Kg5 48.f3 Rd8 49.Rc2 Nd6 50.Rcxc7 Rxc7 51.Rxc7 e4
52.Rg7+ Kf5 53.f4 Nf7 54.Kh2 Rh8+ 55.Kg1 Rd8 56.Kg2 Rc8 57.Kg1 Rd8 58.Kf2 Rd2+
59.Ke3 Rd3+ 60.Ke2 Rb3 61.Rxf7+ Kxg4 62.Rg7+ Kf5 63.Rg5+ Kf6 64.Kf2 Rf3+
65.Kg2 Rb3 66.Kf2 Rf3+ 67.Kg2 Rb3 68.Re5 Rxb4 69.g4 e3 70.g5+ Kf7 71.Kf3 e2
72.Rxe2 Rxb5 73.Rh2 Rb1 74.Rh7+ Kg6 75.Rh6+ Kf7 76.Rh7+ Kg6 77.Re7 Re1 78.Rb7 Rf1+
79.Kg3 Rb1 80.Rb8 e5 81.fxe5  1/2-1/2

[Event "10th Norway Chess 2022"]
[Site "Stavanger NOR"]
[Date "2022.06.06"]
[Round "6.3"]
[White "Giri,A"]
[Black "Anand,V"]
[Result "1/2-1/2"]
[WhiteElo "2761"]
[BlackElo "2751"]

1.c4 c5 2.Nf3 Nf6 3.g3 d5 4.cxd5 Nxd5 5.Bg2 Nc6 6.Nc3 g6 7.h4 h6 8.O-O Bg7
9.d3 Be6 10.Bd2 Rc8 11.Rc1 b6 12.a3 O-O 13.Nxd5 Bxd5 14.b4 cxb4 15.axb4 Bxf3
16.Bxf3 Nd4 17.Be4 Rxc1 18.Bxc1 Qd6 19.Bd2 Rc8 20.e3 Nb5 21.h5 g5 22.Qa4 Nc3
23.Bxc3 Bxc3 24.Qxa7 Bxb4 25.Rb1 Ba5 26.d4 Kg7 27.Qa6 Qe6 28.Bd3 Qc6 29.Bf5 Rc7
30.Qe2 Qd5 31.Bd3 Rc3 32.Rd1 Bb4 33.Qb2 Qb3 34.Qe2 Qd5 35.Qb2 Qb3  1/2-1/2

[Event "10th Norway Chess 2022"]
[Site "Stavanger NOR"]
[Date "2022.06.06"]
[Round "6.4"]
[White "Wang Hao"]
[Black "Vachier Lagrave,M"]
[Result "1/2-1/2"]
[WhiteElo "2744"]
[BlackElo "2750"]

1.e4 c5 2.Nf3 d6 3.d4 cxd4 4.Nxd4 Nf6 5.Nc3 a6 6.h3 e5 7.Nb3 Be6 8.f4 b5
9.fxe5 dxe5 10.Qxd8+ Kxd8 11.Be3 Nbd7 12.O-O-O Rc8 13.Bb6+ Ke8 14.Ba5 Nc5
15.Nxc5 Bxc5 16.Be2 h5 17.Kb1 Ke7 18.Rhe1 Bf2 19.Bb4+ Bc5 20.Ba5 Bf2 21.Bb4+ Bc5
22.Ba5  1/2-1/2

[Event "10th Norway Chess 2022"]
[Site "Stavanger NOR"]
[Date "2022.06.07"]
[Round "7.5"]
[White "Topalov,V"]
[Black "Wang Hao"]
[Result "1/2-1/2"]
[WhiteElo "2730"]
[BlackElo "2744"]

1.e4 c5 2.Nf3 Nc6 3.d4 cxd4 4.Nxd4 Nf6 5.Nc3 e5 6.Nde2 Bc5 7.Ng3 d6 8.Na4 Bb4+
9.c3 Ba5 10.b4 Bc7 11.Be2 O-O 12.O-O a6 13.Be3 h6 14.h3 Be6 15.Qc1 b5 16.Nb2 Bb6
17.a4 Bxe3 18.Qxe3 Rb8 19.axb5 axb5 20.f4 Qb6 21.Qxb6 Rxb6 22.f5 Bc8 23.Rfd1 Rd8
24.Rd2 Bb7 25.Nd1 Ne7 26.Bf3 Rc8 27.Ra3 d5 28.exd5 Nexd5 29.Ra7 Bc6 30.Nh5 Rbb8
31.Nxf6+ Nxf6 32.Bxc6 Rxc6 33.Re7 e4 34.Re5 h5 35.Kf2 h4 36.Ke3 Rc4 37.Rd6 Rc7
38.Rc5 Ra7 39.Rd2 Ra1 40.Nf2 Re1+ 41.Re2 Rg1 42.Nxe4 Nxe4 43.Kxe4 Re8+ 44.Re5 Rc8
45.Kd3 Rd8+ 46.Kc2 Ra8 47.Kb2 Rb8 48.Kb3 f6 49.Rd5 Rb1+ 50.Kc2 Rg1 51.Kd3 Rf1
52.Rd2 Rf4 53.Re2 Kh7 54.Re4 Rxe4 55.Kxe4 Kh6 56.Kf4 Kh5 57.Rd7 Rc8 58.Rxg7 Rc4+
59.Kf3 Rxc3+ 60.Ke4 Rc2 61.Kd5 Re2 62.Kc6 Re5 63.Rd7 Kg5 64.Rb7 Re2 65.Kxb5 Kxf5
66.Rg7 Ke6 67.Kb6 f5 68.b5 Kf6 69.Rg8 Kf7 70.Rh8 Rxg2 71.Rxh4 Kf6 72.Rc4 Ke5
73.Kc6 Rg6+ 74.Kc5 f4 75.b6 f3 76.b7 Rg8 77.Kb6 f2 78.Rc1 Ke4 79.Rf1 Kf3
80.Ka7 Rg1 81.Rxf2+ Kxf2 82.b8=Q  1/2-1/2

[Event "10th Norway Chess 2022"]
[Site "Stavanger NOR"]
[Date "2022.06.07"]
[Round "7.1"]
[White "Tari,A"]
[Black "Carlsen,M"]
[Result "1/2-1/2"]
[WhiteElo "2654"]
[BlackElo "2864"]

1.e4 e5 2.Nf3 Nc6 3.Nc3 Nf6 4.d4 exd4 5.Nxd4 Bb4 6.Nxc6 bxc6 7.Bd3 d5 8.Bd2 O-O
9.O-O Rb8 10.Re1 Re8 11.h3 Be6 12.b3 Nd7 13.exd5 cxd5 14.Qf3 Nc5 15.Re2 c6
16.Rae1 g6 17.Nb1 Bxd2 18.Nxd2 Qg5 19.c3 Bd7 20.b4 Rxe2 21.Rxe2 Ne6 22.g3 Qd8
23.h4 a5 24.a3 axb4 25.axb4 Ra8 26.Nb3 Ra3 27.Bc2 Kg7 28.Re3 Qf6 29.Qd1 h5
30.Rf3 Qe5 31.Re3 Qf6 32.Rf3 Qe5 33.Re3  1/2-1/2

[Event "10th Norway Chess 2022"]
[Site "Stavanger NOR"]
[Date "2022.06.07"]
[Round "7.4"]
[White "Mamedyarov,S"]
[Black "Giri,A"]
[Result "1-0"]
[WhiteElo "2759"]
[BlackElo "2761"]

1.d4 Nf6 2.c4 g6 3.Nc3 Bg7 4.e4 d6 5.Nf3 O-O 6.Be2 e5 7.O-O exd4 8.Nxd4 Re8
9.f3 c6 10.Kh1 d5 11.exd5 cxd5 12.Bg5 Nc6 13.Nxc6 bxc6 14.cxd5 cxd5 15.Bb5 Re6
16.Bc4 Bb7 17.Bb3 Qa5 18.Qd2 Rae8 19.Nxd5 Qxd2 20.Nxf6+ Bxf6 21.Bxd2 Re2
22.Bc3 Bxc3 23.bxc3 a5 24.Kg1 Bc8 25.Rf2 Re1+ 26.Rxe1 Rxe1+ 27.Rf1 Re2 28.Rc1 Be6
29.c4 Rb2 30.Rc3 Kf8 31.a3 Ke7 32.Ba4 Kd6 33.c5+ Kc7 34.h3 h5 35.Kh2 h4 36.Re3 Ra2
37.Bb5 Rc2 38.Re5 Rc3 39.a4 Rb3 40.Kg1 Rc3 41.Kh2 Rb3 42.Be8 Kd8 43.Bc6 Rb4
44.Bb5 Rd4 45.Kg1 Kc7 46.Kf2 Rb4 47.Re2 Rb3 48.Rc2 Ra3 49.Re2 Rc3 50.Re4 Rxc5
51.Rxh4 Rc2+ 52.Kg3 Kd6 53.Rh8 Kc5 54.Rb8 Rb2 55.h4 Bd5 56.Rf8 Rb4 57.Rc8+ Kb6
58.Rd8 Kc5 59.Rd7 Rxb5 60.axb5 Bc4 61.Kf4 a4 62.g4 Bxb5 63.Rxf7 a3 64.Re7 Bd3
65.Ra7 Kb4 66.h5 gxh5 67.gxh5  1-0

[Event "10th Norway Chess 2022"]
[Site "Stavanger NOR"]
[Date "2022.06.07"]
[Round "7.3"]
[White "Anand,V"]
[Black "Radjabov,T"]
[Result "1/2-1/2"]
[WhiteElo "2751"]
[BlackElo "2753"]

1.e4 e5 2.Nf3 Nc6 3.Bc4 Bc5 4.c3 Nf6 5.d3 d6 6.O-O a5 7.Re1 O-O 8.h3 h6 9.d4 Ba7
10.Bb3 Re8 11.Bc2 Bd7 12.a3 Nh7 13.Be3 Qf6 14.Ba4 Ng5 15.Nxg5 hxg5 16.d5 Nb8
17.Bxa7 Rxa7 18.c4 Bxa4 19.Qxa4 Qe7 20.Nc3 Nd7 21.b4 Rea8 22.Nb5 Ra6 23.Qd1 Nf6
24.Rb1 axb4 25.axb4 Ra2 26.Re2 Rxe2 27.Qxe2 Qd7 28.Nc3 g4 29.h4 g6 30.g3 Kg7
31.c5 c6 32.Rd1 dxc5 33.bxc5 Qc7 34.Qb2 Nd7 35.Qb4 cxd5 36.exd5 Qxc5 37.Qxb7 Ra7
38.Qc6 Rc7 39.Qxc5 Rxc5 40.Ne4 Rc4 41.Nd6 Rd4 42.Rxd4 exd4  1/2-1/2

[Event "10th Norway Chess 2022"]
[Site "Stavanger NOR"]
[Date "2022.06.09"]
[Round "8.2"]
[White "So,W"]
[Black "Topalov,V"]
[Result "1/2-1/2"]
[WhiteElo "2776"]
[BlackElo "2730"]

1.e4 e5 2.Nf3 Nc6 3.Bb5 Nf6 4.O-O Nxe4 5.Re1 Nd6 6.Nxe5 Be7 7.Bf1 Nxe5 8.Rxe5 O-O
9.d4 Bf6 10.Re1 Re8 11.c3 Rxe1 12.Qxe1 Ne8 13.a4 a5 14.Bf4 d5 15.Nd2 c6 16.h3 g6
17.Nf3 Nd6 18.Bd3 Bf5 19.Bxf5 Nxf5 20.Qe2 Qe7 21.Re1 Qxe2 22.Rxe2 Ng7 23.Be5 Bxe5
24.Nxe5 f6 25.Nd3 Kf7 26.g4 Ne6 27.Kg2 h5 28.Re3 hxg4 29.hxg4 g5 30.Rh3 Kg6
31.Re3 Kf7 32.Rh3  1/2-1/2